| 000 | 00786cam a22002412a 4500 | ||
|---|---|---|---|
| 001 | 29686 | ||
| 003 | BD-RjUL | ||
| 005 | 20211209051438.0 | ||
| 008 | 140406s1948 en a 000 0 eng d | ||
| 035 |
_aOCLC ocm01702413 from D950616M _a(BD-RjUL)29771 |
||
| 040 |
_aDLC _cTJC _dEQO _dBD-RjUL _beng |
||
| 041 | _aeng | ||
| 082 |
_a707 _bDUA 1948 |
||
| 100 | 1 |
_aDunnett, Ruth. _990410 |
|
| 245 | 1 | 0 |
_aArt and child personality : _bbased on experience with the boys of Whiteacre Camp School, 1940-45 / _c Ruth Dunnett. |
| 260 |
_aLondon : _bMethuen, _c1948. |
||
| 300 |
_avii, 72 p. : _billus. (part col.) ; _c22 cm. |
||
| 490 | 1 | _aContributions to modern education | |
| 650 | 0 |
_aArt _xStudy and teaching _951931 |
|
| 650 | 0 |
_aChild artists _990411 |
|
| 942 |
_2ddc _cBK |
||
| 999 |
_c29686 _d29686 |
||